000 00461nam a2200181Ia 4500
001 1671
005 20260306143745.0
008 260306t2001||||xx |||||||||||||| ||spa||
041 _aESP
082 _a153.93
_bG79
100 _aGregory, Robert J.
_eAUT
245 0 _aEvaluación psicológica:
_b: historia principios y aplicaciones
260 _c2001
300 _axv, 815 páginas :
_c24 cm.
650 _aGEN
654 _aCPS
942 _cLIB
_dJUS
_fJUS
_2ddc
_n
999 _c1671
_d1671